County Seats Of Massachusetts - Statistics

General Stats
  • This quiz has been taken 38 times
  • The average score is 10 of 14
Answer Stats
County Shire town % Correct
*Suffolk *Boston
100%
*Middlesex *Lowell & Cambridge
93%
*Hampden *Springfield
89%
*_________ *Worcester
89%
__________ Barnstable (Hyannis)
85%
________ Brockton & Plymouth
85%
_________ (coextensive with single municipality) Nantucket
81%
*Berkshire *Pittsfield
74%
*Essex *Salem & Lawrence
67%
*Hampshire *Northampton
59%
Dukes Edgartown
56%
Bristol Taunton
52%
*Franklin *Greenfield
48%
Norfolk Dedham
41%
No matching quizzes found
Score Distribution
Percent of People with Each Score
Percentile by Number Answered
Your Score History
You have not taken this quiz